000 00505nam a2200217Ia 4500
003 IT-RoPAU
008 120407s9999 xx 000 0 und d
040 _aIT-RoPAU
040 _cIT-RoPAU
041 _aita
100 _aVirgil Redlich
245 _aQuesto è il tuo giorno. Funzione vitale della “Domenica” nella vita di ogni cristiano
250 _aMilano
260 _aEdizioni Paoline
260 _c1954
300 _c cm
490 _aVda
490 _v1
942 _cBK
999 _c278
_d278